00433nam a2200109Ia 4500008004100000020002200041041001200063100005000075245004100125260003200166650012500198231221s9999 xx 000 0 und d a978-1-4419-1549-8 aEnglish aSomayeh Sojoudi, Javad Lavaei, Amir G. Aghdam 0aStructurally Constrained Controllers c2011bSpringer USaNew York aVibration, Dynamical Systems, Control; Systems Theory, Control; Calculus of Variations and Optimal Control; Optimization